000
00302nam a22001337a 4500
008
170925b xxu||||| |||| 00| 0 eng d
020
_a
9780807738009
041
_a
eng
080
_a
37
100
_a
46
101
_a
EDU
245
_a
WE CAN'T TEACH WHAT WE DON'T KNOW
_c
HOWARD,G.R
942
_2
udc
_c
BK
999
_c
29703
_d
29703